Geografía universal ilustrada / (Record no. 122033)

MARC details
000 -LEADER
campo de control de longitud fija 00679nam a2200193 4500
001 - NÚMERO DE CONTROL
campo de control 122033
003 - IDENTIFICADOR DE NÚMERO DE CONTROL
campo de control ES-MaACL
005 - FECHA Y HORA DE LA ÚLTIMA TRANSACCIÓN
campo de control 20230906191908.0
007 - CAMPO FIJO DE DESCRIPCIÓN FÍSICA--INFORMACIÓN GENERAL
campo de control de longitud fija t|
008 - DATOS DE LONGITUD FIJA--INFORMACIÓN GENERAL
campo de control de longitud fija 070214m19691972sp r ||||1| spa d
100 1# - ENTRADA PRINCIPAL--NOMBRE DE PERSONA
Nombre de persona Postigo García, Luis.
9 (RLIN) 93363
245 10 - MENCIÓN DEL TÍTULO
Título Geografía universal ilustrada /
Mención de responsabilidad, etc. Luis Postigo García.
260 ## - PUBLICACIÓN, DISTRIBUCIÓN, ETC.
Lugar de publicación, distribución, etc. Barcelona :
Nombre del editor, distribuidor, etc. Sopena,
Fecha de publicación, distribución, etc. 1969-72.
300 ## - DESCRIPCIÓN FÍSICA
Extensión 3 v. :
Otras características físicas il. ;
Dimensiones 26 cm.
505 8# - NOTA DE CONTENIDO CON FORMATO
Nota de contenido con formato Contiene: Vol. I. El cielo, la tierra, el hombre. Vol. II-III. Los continentes, las sociedades políticas
740 0# - ENTRADA AGREGADA--TÍTULO RELACIONADO/ANALÍTICO NO CONTROLADO
Título relacionado o analítico no controlado El cielo, la tierra, el hombre.
740 0# - ENTRADA AGREGADA--TÍTULO RELACIONADO/ANALÍTICO NO CONTROLADO
Título relacionado o analítico no controlado Los continentes, las sociedades políticas.
852 ## - LOCALIZACIÓN
Ubicación ES-MaACL
Número de control de estantería C-54217-19
Sublocalización o colección R.77019
Holdings
Estatus retirado Estado de pérdida Estado de daño No para préstamo Biblioteca de origen Biblioteca actual Ubicación en estantería Fecha de adquisición Fuente de adquisición Total de préstamos Signatura topográfica completa Código de barras Visto por última vez Precio de reemplazo Tipo de ítem Koha
        Biblioteca del Ateneo de Madrid Biblioteca del Ateneo de Madrid Depósito 2 17/01/2008     C-54217-19 1127172 23/02/2023 23/02/2023 Libro impreso